How to cheat a dragon's curse (book 4)/. (Record no. 115117)
[ view plain ]
| 000 -LEADER | |
|---|---|
| fixed length control field | 00588nam a2200205 a 4500 |
| 005 - DATE AND TIME OF LATEST TRANSACTION | |
| control field | 20140414132123.0 |
| 008 - FIXED-LENGTH DATA ELEMENTS--GENERAL INFORMATION | |
| fixed length control field | 130215s19uu xx 00 eng d |
| 020 ## - INTERNATIONAL STANDARD BOOK NUMBER | |
| International Standard Book Number | 9780316085304 |
| 050 ## - LIBRARY OF CONGRESS CALL NUMBER | |
| Classification number | FIC |
| Item number | Co874h 2006 |
| 100 ## - MAIN ENTRY--PERSONAL NAME | |
| Personal name | Cowell, Criselda |
| 245 ## - TITLE STATEMENT | |
| Title | How to cheat a dragon's curse (book 4)/. |
| 260 ## - PUBLICATION, DISTRIBUTION, ETC. (IMPRINT) | |
| Place of publication, distribution, etc | New York : |
| Name of publisher, distributor, etc | Little Brown and Company, |
| Date of publication, distribution, etc | 2006. |
| 300 ## - PHYSICAL DESCRIPTION | |
| Extent | 223p. |
| 440 ## - SERIES STATEMENT/ADDED ENTRY--TITLE | |
| Title | How to train your dragon. |
| 650 ## - SUBJECT ADDED ENTRY--TOPICAL TERM | |
| Topical term or geographic name as entry element | Vikings- |
| General subdivision | juvenile fiction. |
| 650 ## - SUBJECT ADDED ENTRY--TOPICAL TERM | |
| Topical term or geographic name as entry element | Dragons- |
| General subdivision | fiction. |
| 650 ## - SUBJECT ADDED ENTRY--TOPICAL TERM | |
| Topical term or geographic name as entry element | Vikings- |
| General subdivision | fiction. |
| 650 ## - SUBJECT ADDED ENTRY--TOPICAL TERM | |
| Topical term or geographic name as entry element | Humorous stories. |
| Withdrawn status | Lost status | Damaged status | Use restrictions | Home library | Current library | Shelving location | Date acquired | Source of acquisition | Cost, normal purchase price | Total Checkouts | Full call number | Barcode | Date last seen | Price effective from | Koha item type |
|---|---|---|---|---|---|---|---|---|---|---|---|---|---|---|---|
| Munich Library | Munich Library | Fiction Section | 02/15/2013 | 285.00 | FIC Co874h 2006 | M7119 | 04/14/2014 | 04/14/2014 | Books |